Hilgard y Marquis condicionamiento y aprendizaje / (Record no. 27667)
[ view plain ]
| 000 -CABECERA | |
|---|---|
| campo de control de longitud fija | 00665nam a2200205 a 4500 |
| 005 - FECHA Y HORA DE LA ÚLTIMA TRANSACCIÓN | |
| campo de control | 20240925064910.0 |
| 008 - ELEMENTOS DE LONGITUD FIJA--INFORMACIÓN GENERAL | |
| campo de control de longitud fija | 991125s1969 mx 000 0 spa u |
| 020 ## - NÚMERO INTERNACIONAL NORMALIZADO PARA LIBROS | |
| Número Internacional Estándar del Libro | 9682401151 |
| 035 ## - NÚMERO DE CONTROL DEL SISTEMA | |
| Número de control de sistema | UPN01000027667 |
| 049 ## - COLECCIÓN | |
| Colección | CG |
| 050 #4 - SIGNATURA TOPOGRÁFICA DE LA BIBLIOTECA DEL CONGRESO | |
| Número de clasificación | BF319 |
| Número de documento/Ítem | K5.38 |
| 100 1# - ASIENTO PRINCIPAL--NOMBRE PERSONAL | |
| Nombre de persona | Kimble, Gregory Adams |
| 245 10 - MENCIÓN DE TÍTULO | |
| Título | Hilgard y Marquis condicionamiento y aprendizaje / |
| Mención de responsabilidad, etc. | actualización y rev. de Gregory A. Kimble ; tr. de Emilio Ribes Iniesta. |
| 260 ## - PUBLICACIÓN, DISTRIBUCIÓN, ETC. | |
| Lugar de publicación, distribución, etc. | México : |
| Nombre del editor, distribuidor, etc. | Trillas, |
| Fecha de publicación, distribución, etc. | 1969. |
| 300 ## - DESCRIPCIÓN FÍSICA | |
| Extensión | 648 p. : |
| Otras características físicas | il. |
| 440 #0 - MENCIÓN DE SERIE/ASIENTO SECUNDARIO--TÍTULO | |
| Título | Biblioteca técnica de psicología |
| 650 #4 - ASIENTO SECUNDARIO DE MATERIA - TERMINO TEMATICO | |
| Término de materia o nombre geográfico como elemento de entrada | Psicología del aprendizaje |
| 9 (RLIN) | 5221 |
| 650 #4 - ASIENTO SECUNDARIO DE MATERIA - TERMINO TEMATICO | |
| Término de materia o nombre geográfico como elemento de entrada | REFLEJOS CONDICIONADOS |
| 9 (RLIN) | 25531 |
| 905 ## - TIPO DE MATERIAL | |
| Tipo de material | Libro |
| Estado de retiro | Estado de pérdida | Fuente del sistema de clasificación o colocación | Estado dañado | No para préstamo | Código de colección | Localización permanente | Ubicación/localización actual | Ubicación en estantería | Fecha de adquisición | Clasificación | Código de barras | Fecha visto por última vez | Tipo de ítem Koha | Nota pública | Total de préstamos | Fecha del último préstamo | Número de copia |
|---|---|---|---|---|---|---|---|---|---|---|---|---|---|---|---|---|---|
| Library of Congress Classification | Colección General | Bib. Gregorio Torres Quintero | Bib. Gregorio Torres Quintero | Planta baja | 04/10/2024 | BF319 K5.38 | 82552 | 31/12/2020 | Libro | Ejemplar con sello del Sistema de Bibliotecas para la Formación y Actualización Docentes | |||||||
| Library of Congress Classification | Colección General | Bib. Gregorio Torres Quintero | Bib. Gregorio Torres Quintero | Planta baja | 15/02/2023 | BF319 K5.38 | 7780 | 21/02/2023 | Libro | 19 | 15/02/2023 | 1 | |||||
| Library of Congress Classification | Colección General | Bib. Gregorio Torres Quintero | Bib. Gregorio Torres Quintero | Planta baja | BF319 K5.38 | 332386 | 31/12/2020 | Libro | 1 | ||||||||
| Library of Congress Classification | Colección General | Bib. Gregorio Torres Quintero | Bib. Gregorio Torres Quintero | Planta baja | 15/02/2023 | BF319 K5.38 | 86233 | 17/02/2023 | Libro | 8 | 15/02/2023 | 1 |
